Statistics for Transport Aircraft by Picture

Click here to take the quiz!

General Stats

  • This quiz has been taken 81 times
  • The average score is 6 of 12

Answer Stats

Answer% Correct
Lockheed C-130 Hercules
95%
Boeing C-17 Globemaster III
94%
Lockheed C-5 Galaxy
92%
Airbus A400M Atlas
69%
Antonov An-124 Ruslan
60%
Ilyushin Il-76
56%
Xian Y-20
26%
Antonov An-70
21%
Embraer C-390 Millennium
19%
Transall C-160
18%
Kawasaki C-2
16%
Shaanxi Y-9
15%

Score Distribution

Percentile by Number Answered

Percent of People with Each Score

Your Score History

You have not taken this quiz